| 000 | 01152cam a22003135a 4500 | ||
|---|---|---|---|
| 001 | L152017 | ||
| 008 | 110124s2011 xxk f 001 0 eng d | ||
| 020 | _a9781856176965 | ||
| 035 | _a(Sirsi) u152017 | ||
| 041 | 0 | _aeng | |
| 050 | 0 | 4 | _a343.4207869 $2 18 |
| 100 | 1 | _aTricker, Ray | |
| 245 | 0 | 0 |
_aBuilding regulations in brief _h[electronic resource] |
| 250 | _a6th ed. | ||
| 260 |
_aLondon _bButterworth-Heinemann _c2011 |
||
| 300 | _aeBook | ||
| 520 | _aA quick eBook reference manual to the requirements of the Building Regulations covering cost-effective ways to comply with the requirements. This new edition includes the new Part G documents (sanitation, hot water safety and water efficiency). | ||
| 520 | _aSupersedes fifth edition (ISBN 9780750684446). | ||
| 521 | _aAdvanced | ||
| 590 | _aKA | ||
| 650 | 2 | 4 | _aBUILDING ACT 1984 |
| 650 | 2 | 4 | _aEBOOK |
| 650 | 2 | 4 | _aBUILDING REGULATIONS 2000 |
| 651 | 4 |
_aEngland and Wales _y1543- |
|
| 690 |
_aBuilding regulations _96224 |
||
| 700 | 1 | _aAlford, Samantha | |
| 856 | 4 | 8 |
_uhttps://www.vlebooks.com/ _zView on VLEbooks. Logins for members only from [email protected] |
| 942 | _n0 | ||
| 999 |
_c111800 _d111800 |
||